1696 1647 1762 1818 1088 1050 1323 1443 1105 1606 1711 1471 1890 1374 1593 1144 1579 1494 1783 1427 1363 1762 1650 1420 1337 1920 1965 1943 1964 1174 1030 1846 1109 1951 1652 1764 1855 1702 1731 1260 1147 1115 1571 1967 1374 1091 1459 1013 1278 1460 1341 1945 1750 1701 1767 1547 1141 1026 1720 1247 1133 1498 1276 1161 1475 1484 1846 1012 1073 1075 1675 1755 1285 1528 1774 1099 1113 1501 1109 1946 1282 1401 1858 1723 1127 1772 1421 1619 1308 1712 1923 1990 1409 1427 1151 1103 1801 1562 1919 BCNSPRNW ULIB Ver.6.0+V

เปลี่ยนเป็นภาษาไทย

Change to English
 แสดงรายละเอียดบรรณานุกรม
  กลับหน้าหลัก

Brief Record : Get Marc (ISO 2709) : E-mail record : QR code < ปิดหน้าต่าง
LEADER : 00000nam 2200000uu 4500
001    13399108427
003     ULIB
008    110303s2553||||th 000 0 tha d
020    9789749781340
060  4 WY108^bห135ก 2553
100 0  หทัยชนก บัวเจริญ
245 00 การพยาบาลในระบบสุขภาพ/^cหทัยชนก บัวเจริญ
250    พิมพ์ครั้งที่ 1
260    สมุทรปราการ:^bโครงการสำนักพิมพ์มหาวิทยาลัยหัวเฉียวเฉลิมพระเกียรติ,^c2553
300    218 หน้า
650  7 ระบบสุขภาพ^xการพยาบาล
700 0  จริยาวัตร คมพยัคฆ์
700 0  วนิดา ดุรงค์ฤทธิชัย
700 0  รัชดา พ่วงประสงค์
710 1  มหาวิทยาลัยหัวเฉียวเฉลิมพระเกียรติ^bคณะพยาบาลศาสตร์
945    ^p230^l0^i028577
945    ^p230^l0^i028575
945    ^p230^l0^i028574
945    ^p230^l0^i028573
945    ^p230^l0^i028572
945    ^p230^l0^i028570
945    ^p230^l0^i028569
945    ^p230^l0^i028568
945    ^p230^l0^i028576
945    ^p230^l0^i028571
995    ทศพร
999 ^a ใช้งานได้ทุกระบบ
รายการนี้ยังไม่มีแท็ก
คุณยังไม่ได้ล็อกอิน คุณสามารถมีกิจกรรมร่วมกับเว็บไซต์ได้ แต่ต้องล็อกอินก่อน ::
  ล็อกอิน

รายการสื่อสารสนเทศ

ลำดับที่ ประเภท เลขเรียก/บาร์โค้ด สถานที่ สถานะ
1. วิทยาศาสตร์การแพทย์ และสุขภาพ
หนังสือสำรอง
สถานะ=หนังสือสำรอง
WY108 ห135ก 2553 ฉ.1 
  Barcode: 028568
ห้องสมุดวิทยาเขตสวรรค์ประชารักษ์
►ส่วนจัดเก็บหนังสือเก่า สปร
บนชั้น
  ขอยืม
2. วิทยาศาสตร์การแพทย์ และสุขภาพ
วิทยาศาสตร์การแพทย์ และสุขภาพ
WY108 ห135ก 2553 ฉ.10 
  Barcode: 028577
ห้องสมุดวิทยาเขตสวรรค์ประชารักษ์
►ส่วนจัดเก็บหนังสือเก่า สปร
บนชั้น
  ขอยืม
3. วิทยาศาสตร์การแพทย์ และสุขภาพ
วิทยาศาสตร์การแพทย์ และสุขภาพ
WY108 ห135ก 2553 ฉ.2 
  Barcode: 028569
ห้องสมุดวิทยาเขตสวรรค์ประชารักษ์
►ส่วนจัดเก็บหนังสือเก่า สปร
บนชั้น
  ขอยืม
4. วิทยาศาสตร์การแพทย์ และสุขภาพ
วิทยาศาสตร์การแพทย์ และสุขภาพ
WY108 ห135ก 2553 ฉ.3 
  Barcode: 028570
ห้องสมุดวิทยาเขตสวรรค์ประชารักษ์
►ส่วนจัดเก็บหนังสือเก่า สปร
บนชั้น
  ขอยืม
5. วิทยาศาสตร์การแพทย์ และสุขภาพ
วิทยาศาสตร์การแพทย์ และสุขภาพ
WY108 ห135ก 2553 ฉ.5 
  Barcode: 028572
ห้องสมุดวิทยาเขตสวรรค์ประชารักษ์
►ส่วนจัดเก็บหนังสือเก่า สปร
บนชั้น
  ขอยืม
6. วิทยาศาสตร์การแพทย์ และสุขภาพ
วิทยาศาสตร์การแพทย์ และสุขภาพ
WY108 ห135ก 2553 ฉ.6 
  Barcode: 028573
ห้องสมุดวิทยาเขตสวรรค์ประชารักษ์
►ส่วนจัดเก็บหนังสือเก่า สปร
บนชั้น
  ขอยืม
7. วิทยาศาสตร์การแพทย์ และสุขภาพ
วิทยาศาสตร์การแพทย์ และสุขภาพ
WY108 ห135ก 2553 ฉ.7 
  Barcode: 028574
ห้องสมุดวิทยาเขตสวรรค์ประชารักษ์
►ส่วนจัดเก็บหนังสือเก่า สปร
บนชั้น
  ขอยืม
8. วิทยาศาสตร์การแพทย์ และสุขภาพ
วิทยาศาสตร์การแพทย์ และสุขภาพ
WY108 ห135ก 2553 ฉ.8 
  Barcode: 028575
ห้องสมุดวิทยาเขตสวรรค์ประชารักษ์
►ส่วนจัดเก็บหนังสือเก่า สปร
บนชั้น
  ขอยืม
9. วิทยาศาสตร์การแพทย์ และสุขภาพ
วิทยาศาสตร์การแพทย์ และสุขภาพ
WY108 ห135ก 2553 ฉ.9 
  Barcode: 028576
ห้องสมุดวิทยาเขตสวรรค์ประชารักษ์
►ส่วนจัดเก็บหนังสือเก่า สปร
บนชั้น
  ขอยืม

BibComment


ยังไม่เคยถูกคอมเมนท์

คอมเมนท์ทรัพยากรรายการนี้
  คอมเมนท์: การพยาบาลในระบบสุ..


 Copyright 2026. Bcnsprnw @Library